Normal view
MARC view
Entry Personal Name
001 - CONTROL NUMBER
- control field: 5781
003 - CONTROL NUMBER IDENTIFIER
- control field: BD-RjUL
005 - DATE AND TIME OF LATEST TRANSACTION
- control field: 20221110102027.0
008 - FIXED-LENGTH DATA ELEMENTS
- fixed length control field: 221110|| aca||aabn | a|a d
040 ## - CATALOGING SOURCE
- Original cataloging agency: BD-RjUL
- Transcribing agency: BD-RjUL
100 ## - HEADING--PERSONAL NAME
- Personal name: Muḥammad,
- Titles and other words associated with a name: Prophet,
- Dates associated with a name: -632
- General subdivision: Ethics
670 ## - SOURCE DATA FOUND
- Source citation: Work cat.: (BD-RjUL)80744: قاري الهروي، علي بن سلطان محمد. ## Qārī al-Harawī, ʻAlī ibn Sulṭān Muḥammad, -1605 or 1606. 5779, جمع الوسائل في شرح الشمائل / # # Jamʻ al-wasāʼil fī sharḥ al-Shamāʼil /